000 00529nam a2200193 a 4500
001 16546
005 20180713205517.0
008 140415s1991 mx 000 0 spa d
020 _a9686078843
041 _aspa
082 _a374.0128
_bGAJ
100 1 _aGAJARDO, MARCELA
245 1 3 _aLA CONCIENTIZACION EN AMERICA LATINA :
_bUNA REVISION CRITICA
250 _a1a ed.
260 _aMEXICO :
_bOEA,
_c1991
300 _a130
490 _aERAJPANI
_v4
650 1 4 _aALFABETIZACION(EDUCACION)
_xAMERICA LATINA
999 _c16546
_d16546